000 00421nam a2200181Ia 4500
001 1917
005 20260306143804.0
008 260306t2011||||xx |||||||||||||| ||spa||
041 _aESP
082 _a158.1
_bN66
100 _aNiven, David
_eAUT
245 0 _aLos 100 secretos de la gente feliz
260 _c2011
300 _a207 páginas :
_c20 cm.
650 _aGEN
654 _aCPS
942 _cLIB
_dJUS
_fJUS
_2ddc
_n
999 _c1917
_d1917